| 000 | 00913nam a22002417a 4500 | ||
|---|---|---|---|
| 003 | OSt | ||
| 005 | 20201105133437.0 | ||
| 008 | 130408s1999 dr 000 0 spa d | ||
| 040 |
_aDO-SdBNP _bspa _cBNPHU |
||
| 082 |
_axxxxx _bxxxxx |
||
| 100 | 1 |
_aFéliz, Rubén _964672 |
|
| 245 | 1 | 3 |
_aLa Amet y sus perspectivas futuras / _cRubén Féliz ; presentación Onofre Rojas |
| 260 |
_aSanto Domingo : _bComisión Presidencial para la Reforma y Modernización del Estado, _c1999. |
||
| 300 |
_a59 p. ; _c21 cm. |
||
| 490 | 1 |
_aConversatorios de la reforma ; _v9 ; |
|
| 500 | _aConversatorio realizado el 25 de marzo de 1998. | ||
| 590 | _aInventariado, 2020/ YL | ||
| 700 | 1 | 2 |
_aRojas, Onofre _epres. _931119 |
| 710 | 2 |
_aRepública Dominicana. _bComisión Presidencial para la Reforma y Modernización del Estado _97089 |
|
| 830 | 0 |
_aConversatorios de la reforma _v9 _916542 |
|
| 910 | _aYLockward | ||
| 942 |
_2ddc _cLBS1 |
||
| 999 |
_c49089 _d49089 |
||